Normal view MARC view

Entry Nombre personal

Number of records used in: 2

001 - NÚMERO DE CONTROL

  • campo de control: 151991

003 - IDENTIFICADOR DE NÚMERO DE CONTROL

  • campo de control: SpMaBN

005 - FECHA Y HORA DE LA ÚLTIMA TRANSACCIÓN

  • campo de control: 20250817044003.0

008 - ELEMENTOS DE DATO DE LONGITUD-FIJA

  • campo de control de longitud fija: 010212nn aijnnaabn a aaa

016 ## - NÚMERO DE CONTROL DE UNA AGENCIA BIBLIOGRÁFICA NACIONAL

  • Número de control del registro: BNE20010799409

024 7# - IDENTIFICADOR DE OTROS ESTÁNDARES

  • Número estándar o código: http://viaf.org/viaf/69182893/
  • Fuente: viaf

024 7# - IDENTIFICADOR DE OTROS ESTÁNDARES

  • Número estándar o código: https://isni.org/isni/0000000059508301
  • Fuente: isni

024 7# - IDENTIFICADOR DE OTROS ESTÁNDARES

  • Número estándar o código: http://www.wikidata.org/entity/Q5921228
  • Fuente: wikidata

040 ## - FUENTE DE CATALOGACIÓN

  • Centro catalogador/agencia de origen: SpMaBN
  • Lengua de catalogación: spa
  • Centro/agencia transcriptor: SpMaBN
  • Normas de descripción: rdc
  • Convención/Normas de encabezamiento de materia/tesauro: embne

046 ## - FECHAS CON CODIFICACIÓN ESPECIAL

  • Fecha de nacimiento: 1845
  • Fecha de la muerte: 1879

100 1# - ENCABEZAMIENTO-NOMBRE DE PERSONA

  • Nombre de persona: Rosell y Torres, Isidoro,
  • Fechas asociadas al nombre: 1845-1879

375 ## - GÉNERO/SEXO

  • Género: Masculino

377 ## - IDIOMA ASOCIADO

  • Código del idioma: spa
  • Término de lengua/lenguaje: Español

400 1# - TRAZADO DE VÉASE--NOMBRE DE PERSONA

  • Nombre de persona: Rosell, Isidoro,
  • Fechas asociadas al nombre: 1845-1879

400 1# - TRAZADO DE VÉASE--NOMBRE DE PERSONA

  • Nombre de persona: Rosell Torres, Isidoro,
  • Fechas asociadas al nombre: 1845-1879

670 ## - FUENTE DE DATOS ENCONTRADOS

  • Cita de la fuente: Catálogo de la Exposición General de Bellas Artes de 1878. Madrid, 1878
  • Información encontrada: p. 71 (Rosell y Torres, Isidoro; n. Madrid; discípulo de Juan García Martínez)

670 ## - FUENTE DE DATOS ENCONTRADOS

  • Cita de la fuente: Iconografía Hispana
  • Información encontrada: n. 4799-2 (I. Torres grabó) n. 8174 (Rosell Torres, Isidoro; archivero; n. 1845; m. 1879)

670 ## - FUENTE DE DATOS ENCONTRADOS

  • Cita de la fuente: Páez. Repertorio
  • Información encontrada: n. 1909 (Rosell y Torres, Isidoro; 1845-1879; grabador; encargado de la Sección de Estampas de la Biblioteca Nacional)

670 ## - FUENTE DE DATOS ENCONTRADOS

  • Cita de la fuente: Estampas: cinco siglos de imagen impresa
  • Información encontrada: p. 284 (Rossell y Torres, Isidro; n. y m. Madrid, 1845-1877; calcógrafo)

670 ## - FUENTE DE DATOS ENCONTRADOS

  • Cita de la fuente: Alenza, dibujos y estampas en el Museo Municipal, 1993
  • Información encontrada: p. [16] (Isidoro Rosell; n. y m. Madrid, 1845-1879; estudió en la Escuela Especial de Pintura, Escultura y Grabado)